00954nam a2200289 4500003000400000005001700004008004100021020001800062040001800080041000800098050001600106100003900122245009100161264004000252300003500292336002200327337002400349338002400373650004100397650003800438650003600476650003400512650004000546700004700586942001400633999001700647OSt20260601171014.0260505b2009\\\\xxua||||\||||\00|\0\eng\d a9781407552750 aICIbspacICI aeng aNA2850bG74 1aAscencio, Alejandro,etexto933608 1aGreat Ideas for storage areas /cAlejandro Ascencio ; concepto y diseño Sigrid Bueno aChina :bParragon Books Ltd ,c2009 a238 páginas :bilustraciones 2rdacontentatexto 2rdamediaasin medio 2rdacarrieravolumen aEspacios interioresxDiseño933609 aAlmacenamiento doméstico933610 aOrganización del hogar933611 aDiseño de interiores919717 aViviendaxDiseño y construcción aBueno, Sigrid,eConcepto y diseño933613 2lccn1cB c20616d20616